000 00328 a2200109 4500
001 ART_2523
005 20260410161727.0
008 260409a
245 1 0 _aEvaluación de proyectos de inversión
100 1 _aMao, James C.T.
773 0 _tAdministración de empresas
_g- Año 4, Nº 44 (nov. 1973)
_wREV2036
999 _c17477
_d17477